Francouzština pro pokročilé : příručka ke kursu vydanému na dlouhohrajících deskách Supraphon objednacích číslech 0 28 0461-5 /

Hlavní autor: Tichý, Ota
Jazyk: Francouzština
Čeština
Vydáno: Praha : Supraphon, 1968
Vydání: 1. vyd.
Fyzický popis: 161 s.
Knihy
Uloženo v:
LEADER 00738nam a22002292a 4500
001 000228640
003 CZ BrMZK
005 20021009110149.0
007 ta
008 010907s1968 xr f fre d
015 |a cnb000449979 
035 |a (OCoLC)42106635 
040 |a BOA001  |b cze  |c BOA001 
041 1 |a fre  |a cze 
100 1 |a Tichý, Ota  |7 jk01132438  |4 aut 
245 1 0 |a Francouzština pro pokročilé :  |b příručka ke kursu vydanému na dlouhohrajících deskách Supraphon objednacích číslech 0 28 0461-5 /  |c Ota Tichý 
250 |a 1. vyd. 
260 |a Praha :  |b Supraphon,  |c 1968 
300 |a 161 s. 
910 |a BOA001  |b 2-0609.402 
990 |a BK 
996 7 |b 2619915600  |c 2-0609.402  |l HP2  |r DEN  |n 4  |w 000228640  |u 000010  |a 1  |e BOA001  |j MZK50  |s A